00803nam a22002177a 450000500170000001000180001702000270003502000270006202000270008902000270011602000270014303500170017003700130018708200110020024501060021126000450031727000680036230001110043050000180054170000260055920220429151632.0 aENG-132092-96 a9780190126827c1999.00 a9780190126834c1999.00 a9780190126841c1999.00 a9780190127886c1999.00 a9780190127893c1999.00 aEN-115624-28 bDBAD/PUB a954.03 aB.R. Ambedkar:bThe Quest For Justice Religious and cultural Justics/cEdited by Aakash Singh Rathore aNew DelhibOxford University Pressc2021 a22 Workspace, 2nd Floor, 1/22, Asaf Ali RoadbNew Delhie110002 axxiii, 284p (V1), xxxvii, 315p (V2), xxxv, 278p (V3), xli, 259p., (V4), xxix, 288p. (V5)bIndexc23cm(hbk) aVolume 1 to 5 aRathore, Aakash Singh